[Event "Groningen Harmonie"]
[Site "Groningen"]
[Date "2003.12.22"]
[Round "2"]
[White "Gagunashvili, Merab"]
[Black "Ernst, Sipke"]
[Result "1-0"]
[WhiteElo "2582"]
[BlackElo "2474"]
[Annotator "Golod,V"]
[PlyCount "67"]
[EventDate "2003.12.21"]
[EventType "tourn"]
[EventRounds "9"]
[EventCountry "NED"]
[EventCategory "10"]
[SourceTitle "CBM 099"]
[Source "ChessBase"]
[SourceDate "2004.03.30"]
[SourceVersion "1"]
[SourceVersionDate "2004.03.30"]
[SourceQuality "1"]

1. d4 Nf6 2. c4 e6 3. Nc3 Bb4 4. Qc2 O-O 5. a3 Bxc3+ 6. Qxc3 b6 7. Bg5 Ba6 8.
Qf3 {After my games against Lev Psakhis in 1999 and Judit Polgar in 2000 this
idea became very popular. Probably, White can not expect a big advantage in
this variation.} Nc6 9. e3 h6 10. Bh4 {Besides White has two principales moves:
} (10. h4 {You can see my comments to game: Golod,V-Polgar,J/ISR,2000/CBM 77(1/
2-1/2)(19)}) ({and} 10. Bxf6 {You can see my annotations to game: Dautov,
R-Gyimesi,Z/Ohrid,2001/CBM 84(1/2-1/2)(24)}) 10... Na5 $5 $146 {[%csl Rc4]
This continuation is the next attempt to bring in a "new word " in theory of
this variation.} ({Also once were checked in the preceding games:} 10... Bb7 $5
{You can see my comments to Khalifman,A-Tiviakov,S/Dos Hermanas,2003/CBM 95
(1-0)(51)}) (10... Re8 11. Rc1 Bb7 12. b4 a6 13. Qd1 d6 14. Ne2 a5 15. b5 Nb8
16. Nc3 Nbd7 17. f3 e5 18. Be2 $14 {Van Wely,L-Milov,V/Bastia,2003(1/2-1/2)
(rapid)(55)}) ({and} 10... Qe7 11. Rc1 Bb7 12. Qd1 Nb8 13. Ne2 d6 14. Nc3 Nbd7
15. f3 c5 16. Be2 Rfd8 17. O-O d5 18. cxd5 exd5 19. Qd2 {+/=/= Goldin,A-Milos,
G/Buenos Aires,2003(1-0)(69)}) 11. Rc1 c5 {[%csl Rc4,Rd4] Black wants
immediately to begin pressure on the centre.} 12. e4 $5 {[%csl Rd8,Rf6][%cal
Ge4e5] This move is the "harbinger" of active actions in this game.} ({Leads
to favourable simplifications for Black:} 12. Bxf6 $6 Qxf6 13. Qxf6 gxf6 $13 {
and now badly:} 14. b4 {in view of:} cxb4 (14... Nb3 $4 15. Rc3 Na1 16. dxc5
bxc5 17. Rc1 Nb3 18. Rb1 $18 {[%csl Rb3]}) 15. axb4 $140 Nxc4 $1 16. Bxc4 Rac8
17. Bxa6 Rxc1+ 18. Kd2 Ra1 {[%csl Ya6][%cal Gf8c8,Ya6c8]} 19. b5 d5 {[%csl Ga1,
Rh1][%cal Gf8d8,Gd8d7,Gd7c7,Gc7c1] with obvious advantage of Black in the
endgame.}) 12... g5 $6 {[%mdl 64] Black "accept a call".} ({Can it was
necessary to decide on the more reliable continuation:} 12... Bb7 $5 13. Bxf6 (
13. Bd3 $2 g5 14. Bg3 Nb3 {[%csl Rc1,Rd4]}) 13... Qxf6 14. Qxf6 gxf6 15. dxc5 (
15. d5 $6 exd5 16. exd5 Rfe8+ 17. Kd1 b5 $36 {[%csl Rc4,Rd5]}) 15... Bxe4 (
15... bxc5 $5 16. b4 cxb4 17. axb4 Nc6 18. b5 Ne5 $13) 16. cxb6 axb6 17. f3 Bg6
$11) 13. Bg3 ({Leads to benefit of the contender:} 13. e5 $6 Bb7 (13... Nh7 $2
14. Bg3 cxd4 15. h4 Bb7 16. Qd3 $40) 14. d5 (14. Qxf6 $142 Qxf6 15. exf6 gxh4
16. dxc5 bxc5 $13) 14... exd5 $1 (14... Nxd5 $2 15. cxd5 gxh4 16. b4 {[%csl
Ra5]} Qg5 (16... Bxd5 $143 17. Qg4+ Qg5 18. Qxg5+ hxg5 19. bxa5 {+/=/+/-}) 17.
Qe3 Qxe3+ 18. fxe3 cxb4 19. axb4 Nb3 20. Rb1 Bxd5 21. e4 {[%csl Rb3,Yd5][%cal
Ge4d5,Yd5b3,Gb1b3]} Bxe4 22. Rxb3 f6 $14) 15. exf6 $140 dxc4 16. Qf5 (16. Qg3
Qxf6 {[%csl Rh4][%cal Gg8h8]} 17. f4 Qxb2 18. Ne2 f6 $17 {[%csl Yf6,Yg5,Rh4,
Yh6]}) 16... Re8+ 17. Ne2 d5 $36 18. Bxg5 $140 $2 Bc8 $1 19. Qf4 Re4 20. Qg3
Rg4 $17 {[%csl Rg3,Rg5]}) 13... Bb7 {[%csl Rd4,Re4]} ({It was weakly:} 13... d5
$6 {because of:} 14. cxd5 (14. exd5 $143 exd5 {[%csl Re1][%cal Gf8e8]}) 14...
Bxf1 15. Kxf1 exd5 16. exd5 {[%csl Rf6]} cxd4 (16... Nxd5 $2 17. dxc5 $16) 17.
Ne2 $14) 14. b4 {White had no other worthy alternative.} Bxe4 (14... cxb4 $143
15. axb4 Bxe4 16. Qe3 Nc6 17. h4 $40) 15. Qd1 ({Now impossibly:} 15. Qe3 $2 {
in view of:} cxd4 16. Qxd4 $140 Nb3 {[%csl Rc1,Rd4]}) 15... Nc6 ({It deserves
attention:} 15... Nb7 {[%csl Rc5,Rd6][%cal Yb7d6,Yb7c5]} 16. dxc5 bxc5 17. f3
Bf5 18. h4 $44) 16. dxc5 e5 $2 ({In this position I would accept the following
decision:} 16... bxc5 17. Bd6 $140 {[%csl Rc5,Rf8]} cxb4 18. axb4 (18. Bxf8 $6
Qxf8 $15) 18... Re8 19. f3 Bg6 20. h4 $44) 17. f3 $6 $13 {This move does not
put the large problems for Black.} (17. cxb6 $5 axb6 (17... Qxb6 $143 18. c5 {
+/=/+/-}) 18. b5 $14) (17. h4 $5 $40 {[%csl Rg8,Gh1]}) 17... Bg6 18. b5 Nd4 $1
{Now Black has, as a minimum, equal chances in the subsequent tactical
complications.} (18... Na5 $143 19. cxb6 axb6 20. h4 $14 {[%csl Rg8,Gh1]}) 19.
Bxe5 Re8 ({Immediately loses a game the following move:} 19... Nc2+ $4 20. Rxc2
Bxc2 21. Qxc2 Re8 22. Qf5 Qe7 23. f4 $1 gxf4 $140 24. Nf3 $18 {[%csl Re5,Ge7,
Ge8,Yf3,Yf5][%cal Yf3e5,Yf5e5]}) 20. Qxd4 bxc5 ({Is more interesting
alternative:} 20... Qe7 21. Kd2 {[%csl Re7,Rf6][%cal Ge5f6,Gf6e7]} (21. f4 $2
bxc5 {[%csl Re1,Re5][%cal Gd7d6]} 22. Qd2 d6 23. Nf3 gxf4 24. Qxf4 Kh7 $15 {
[%csl Re1,Re5,Yh7][%cal Yh7h6]}) 21... Qxe5 $8 22. Qxe5 Rxe5 23. cxb6 axb6 $44)
21. Qxc5 ({Senselessly:} 21. Qd6 $2 {in view of:} Qe7 $1 {[%csl Yd6,Re1,Re5,
Ge7,Ge8][%cal Ge7d6,Ge7e5]}) 21... d6 ({Also good enough:} 21... Qb6 $5 22.
Qxb6 Rxe5+ 23. Qe3 (23. Kd2 $143 axb6 {[%csl Ra3]} 24. Ra1 Rc5 $44 {[%cal
Gd7d5]}) 23... Rxe3+ 24. Kf2 Rxa3 $11) 22. Qd4 Qc7 (22... Rxe5+ $6 23. Kf2 $14)
23. Ne2 dxe5 ({Hardly it was better:} 23... Rxe5 $6 {[%cal Ga8e8]} 24. Kf2 Rae8
25. Ng3 (25. Nc3 $142 {/\Be2 and Rhe1 +/=}) 25... Rxb5 $1 {[%csl Rc1,Rf2]} 26.
cxb5 (26. Qxf6 $4 Qc5+ {[%csl Rf2]}) (26. Rd1 $143 Rbe5 27. Qxd6 Qa5 $1 $44 {
[%csl Rc5,Yd6,Rf2][%cal Ga5c5,Yd6c5]}) 26... Qxc1 27. Be2 (27. Qxf6 $4 Qe3#)
27... Qc5 28. Qxc5 dxc5 29. Rc1 Nd7 30. a4 {+/=/=}) 24. Qb2 {[%csl Rf6]} ({
Too passively, but reliably:} 24. Qe3 Qb6 $140 25. Rc3 Rac8 $44) 24... Re6 ({
Can be recommended:} 24... Nd7 $5 {[%csl Rc5][%cal Gd7c5]}) 25. g3 (25. c5 $5
Rd8 $44) 25... Rd8 $5 {<->d} (25... e4 $2 {is refuted by:} 26. Bh3 {[%csl Gb2,
Re6,Rf6,Gh3][%cal Ye6f6,Gh3e6]} Qe5 27. Qxe5 Rxe5 28. f4 $16) (25... Qc5 $5 {
[%csl Gc5][%cal Gc5g1]} 26. Bh3 Ree8 {[%csl Ye8][%cal Gb2b4,Rb4f8]} 27. Qb4
$140 Qe3 28. Qc3 Qc5 $44) 26. c5 e4 $1 {[%csl Re1] All Black's pieces have
occupied ideal positions and are ready to opening a position.} 27. Bh3 {
[%csl Re6,Rf6][%cal Ye6f6]} g4 $8 ({It was wrong decision:} 27... Qa5+ $2 28.
Qc3 Qxc3+ 29. Rxc3 Re5 30. f4 $16) 28. fxg4 e3 {[%cal Gd8d2] It is rather
difficult to continue a game without this move.} 29. g5 {[%csl Re6,Rf6][%cal
Gg5f6,Gh3e6]} Rd2 30. Qb3 Bd3 31. Nf4 Re4 $4 {Painful blunder leading to
immediate loss.} ({It was necessary:} 31... Ne4 32. Bg4 (32. Bxe6 $4 {[%tqu
"En","Find immediate win here!","","","c7f4","",10]} Qxf4 $1 {[%csl Re1]} 33.
Bxf7+ Kf8 $1 34. gxf4 Re2+ 35. Kf1 (35. Kd1 Nf2#) 35... Nd2+ 36. Kg1 Nf3+ 37.
Kf1 Rf2#) (32. Nxd3 Nxg3 $1 {[%csl Re1,Rh1][%cal Gd2e2,Ge2d2]} 33. Bxe6 (33.
Rc2 $2 Nxh1 {[%csl Re1,Rh2][%cal Gc7h2]} 34. Rxd2 (34. Bxe6 $2 Qxh2 35. Bxf7+
Kf8 $19 {[%csl Re1][%cal Gh2g1]}) 34... exd2+ 35. Kd1 Re3 $17 {[%csl Rd1,Rh2,
Rh3][%cal Gc7h2,Ge3h3]}) 33... Re2+ 34. Kd1 Rd2+ 35. Ke1 Re2+ $11) 32... Rd6 $1
{[%csl Rc1]} 33. Qb4 (33. g6 $143 Rxg6 $1 34. Nxd3 (34. Nxg6 $4 Rxh2 $1 {
[%csl Re1,Rg3][%cal Gc7g3]} 35. Rg1 {[%tqu "En","Can you find a forced mate
here?","","","c7g3","",10]} Qxg3+ $1 36. Rxg3 Rh1+ 37. Rg1 Rxg1#) 34... Rxg4
$36 {[%csl Re1]}) 33... Nxg5 34. Nxd3 (34. Rg1 Bf5 $13 {[%csl Rf3][%cal Yg4f3]}
) 34... R6xd3 35. Qf4 Qd8 $13) 32. Nxd3 Rxh2 {[%csl Re1,Rg3][%cal Gc7g3]} 33.
Rg1 $18 Nd5 {[%csl Yb3,Re1][%cal Gc7a5]} (33... hxg5 34. b6 {[%csl Gb6,Gc5]})
34. b6 {[%csl Gb6,Gc5,Rd5] It's the most logical reaction to the previous move
of Black.} 1-0

[Event "Corus-B"]
[Site "Wijk aan Zee"]
[Date "2002.01.27"]
[Round "11"]
[White "Sokolov, Ivan"]
[Black "Van der Wiel, John"]
[Result "1/2-1/2"]
[WhiteElo "2659"]
[BlackElo "2501"]
[Annotator "Golod,V"]
[PlyCount "94"]
[EventDate "2002.01.15"]
[EventType "tourn"]
[EventRounds "11"]
[EventCountry "NED"]
[EventCategory "11"]
[SourceTitle "CBM 087"]
[Source "ChessBase"]
[SourceDate "2002.03.21"]
[SourceVersion "1"]
[SourceVersionDate "2002.03.21"]
[SourceQuality "1"]

1. d4 Nf6 2. c4 e6 3. Nc3 Bb4 4. Qc2 O-O 5. a3 Bxc3+ 6. Qxc3 Ne4 7. Qc2 f5 8.
e3 b6 9. Ne2 ({Besides, white has three alternatives:} 9. Nf3) (9. Bd3) ({and} 
9. Nh3) 9... c5 {There is no sense to spoil the pawns structure.In my opinion,
it was better:} (9... Bb7 $5 {You can see comments to Turov,M-Charbonneau,P/
Montreal,2001/CBM 85 (1/2-1/2)(Golod,V)(25)}) (9... d6 $6 10. f3 Nf6 11. Bd2 c5
12. O-O-O Nc6 13. Bc3 Qe7 14. Nf4 e5 15. dxe5 Nxe5 16. Be2 $14 {Linauskas,
D-Kaunas,K/Vilnius,1996 (1-0)(40)}) 10. f3 Nd6 {It's idea of the black.} ({
Now it is absolutely illogical:} 10... Nf6 11. b4 $14 {[%cal Gc1b2]}) 11. b3 ({
It was possible to try to establish this pawn in point "b4":} 11. b4 $5 Qc7 12.
dxc5 bxc5 13. Nf4 $14) 11... Bb7 12. dxc5 bxc5 13. Bb2 {White's bishop has
established the full control over diagonal a1-h8.} Nc6 $146 ({Was checked in
the previous game:} 13... Qh4+ 14. Ng3 Ne8 15. b4 Nc6 16. b5 Ne7 17. Bd3 Nf6
18. O-O d6 19. a4 $14 {Baburin,A-De Firmian,N/Copenhagen,2000(1/2-1/2)(30)})
14. Rd1 ({Now,already dubiously:} 14. b4 {in view of:} cxb4 15. axb4 $140 Qh4+
(15... Nxb4 $4 16. Qc3 $18 {[%csl Rb4,Rg7]}) 16. Ng3 f4 17. exf4 Nf5 $36 {
[%csl Rb4,Rg3]}) 14... Ne8 {[%csl Ye8,Rg7][%cal Ye8g7]} 15. Ng3 Bc8 $5 {
/\Rb8<->b;קb3} ({Is a possible continuation of the play:} 15... d6 $5 16. Bd3
Qg5 17. Qd2 $14) 16. Bd3 Rb8 17. Bc3 Qb6 {[%csl Rb3]} 18. Rb1 $14 {White do
not lag behind any more in development from black.} d5 19. O-O ({Not clear
endgame, arises the after:} 19. cxd5 exd5 20. Nxf5 (20. Bxf5 $143 Bxf5 21. Nxf5
c4 $36 {[%csl Re3,Yf5][%cal Gf8f5]}) 20... c4 21. bxc4 Qxb1+ 22. Qxb1 Rxb1+ 23.
Bxb1 Bxf5 24. cxd5 Bxb1 25. dxc6 Bc2 {[%csl Rc6][%cal Gc2a4]} 26. Kf2 Ba4 27.
Rc1 $13) 19... Nd6 20. Kh1 $5 {[%csl Rg1,Yh1][%cal Yg1h1]} ({Also it deserves
attention:} 20. Rfc1 {[%csl Rc5] /\Ba1(קc5)}) 20... Bd7 $140 21. Nh5 {[%csl
Gc3,Gh5] White begin active actions on the king side.} Rf7 ({Pretty dubiously:
} 21... d4 {because of:} 22. exd4 cxd4 (22... Nxd4 $4 23. Bxd4 cxd4 24. c5 $18
{[%csl Rb6,Rd6]}) 23. Bd2 {[%cal Gc4c5]} Qd8 24. c5 $36) 22. Ba1 dxc4 ({After:
} 22... Qa5 $6 23. cxd5 exd5 24. b4 $1 {white has a strong initiative}) 23.
Bxc4 Nxc4 24. Qxc4 {[%csl Ga1,Rg8,Gh5]} Ne7 25. Bxg7 $5 {[%mdl 64]} ({After:} 
25. Rfc1 $5 Nd5 {[%csl Re3]} 26. Qxc5 Qxc5 27. Rxc5 Nxe3 28. Be5 {white save a
positional advantage.}) 25... Bb5 26. Qc3 $6 ({It was much better:} 26. Qf4
Bxf1 $140 27. Qh6 $1 {[%csl Rg8][%cal Gh5f6]} Bxg2+ (27... Ng6 28. Nf6+ Rxf6
29. Bxf6 Bxg2+ (29... Rb7 $143 30. Rxf1 Qxb3 31. h4 Qd3 32. Rc1 $40 {[%cal
Gh4h5]}) 30. Kxg2 {transfer to 27...Bxg2}) 28. Kxg2 Ng6 29. Nf6+ Rxf6 30. Bxf6
Qc7 31. h4 $14) 26... Nd5 $1 ({Leads to better endgame for Ivan Sokolov:} 26...
Bxf1 $6 27. Nf6+ (27. Rxf1 $2 Qxb3 $17) 27... Rxf6 $8 (27... Kxg7 $4 28. Nd7+
$18 {[%csl Rb6,Rg7]}) 28. Qxf6 Nd5 29. Qg5 Kf7 {[%cal Gb8g8]} 30. Rxf1 $1 (30.
Be5 $2 Bd3 31. Qg7+ Ke8 $17 {[%csl Rb1]}) 30... Rg8 31. e4 Rxg7 32. Qh5+ Kf8
33. exd5 Qxb3 34. dxe6 Qxe6 35. Qh4 {[%csl Rf8]}) 27. Qe5 Bxf1 28. Rxf1 {
[%csl Rg8][%cal Ge5g3]} Qc7 ({At black there is no time for a capture a pawn:} 
28... Qxb3 $6 29. Qg3 (29. Qxe6 $4 Nxe3 $19 {[%csl Re6,Rf1]}) 29... f4 30. exf4
Qd3 31. Be5+ (31. Bd4+ $2 Qg6) 31... Kf8 32. Re1 {[%csl Rf8]} Rc8 (32... Rb6 $5
33. Qh4 $40 {[%csl Rf8]}) 33. Bd6+ (33. Ng7 $2 Qg6 34. Qxg6 hxg6 35. Nxe6+ Kg8
36. Rd1 Rd7 $15 {[%cal Gc5c4]}) 33... Ne7 34. f5 $1 Qxf5 35. Nf4 $16 {[%csl
Re6]}) 29. Qxe6 (29. e4 $2 {is refuted by:} Qxe5 30. Bxe5 Ne3 {[%csl Rf1][%cal
Gb8b3]}) 29... Qd7 {[%csl Re6,Rg7][%cal Gf7g7]} ({Badly:} 29... Rd8 {because
of:} 30. Ba1 $40 {[%csl Rg8]}) 30. Qa6 $2 {The inexplicable and not compelled
blunder. Leads to approximately equal endgame:} (30. Qxd7 Rxd7 31. e4 {[%csl
Yd5,Rf6][%cal Yd5f6]} fxe4 32. fxe4 Rxg7 (32... Ne3 $143 33. Nf6+ Kxg7 34. Nxd7
Rxb3 (34... Rd8 $2 35. Nxc5 {[%csl Rd8,Rg7][%cal Gc5e6]}) 35. Nxc5 Rxa3 36. Rb1
$14) 33. Nxg7 Ne3 34. Re1 $8 Rxb3 35. Nf5 $1 $11 (35. Ne6 $143 c4 $15 {[%csl
Gc4]})) 30... Qb5 $2 {Probably,because of the zeitnot,contenders make this
mistakes.} ({Leads to big advantage for black:} 30... Rxg7 31. Qc4 (31. e4 $2
Rg5 $19 {[%csl Rh5]}) 31... Qf7 $17 (31... Rf7 $6 32. Rd1 Rd8 33. h3 $44 {
[%cal Gh5f4,Ge3e4]})) (30... Nxe3 $6 31. Re1 Nc2 $140 $6 32. Qc4 $1 Nxe1 33.
Nf6+ Kxg7 34. Nxd7 Rxd7 35. Qc3+ Kf7 36. Qc4+ $1 (36. Qxe1 $2 Rbd8 {[%csl Re1,
Rh1][%cal Gd7d1]}) 36... Kf8 (36... Kf6 37. Qh4+ $11) 37. Qxc5+ Re7 38. Qxf5+
Ke8 39. Qh5+ $11) 31. Qxb5 Rxb5 32. Rd1 {[%csl Rd5,Rg8]} Rxb3 ({With
rearrangement of moves the same position turns out,after:} 32... Rxg7 33. Nxg7
(33. Rxd5 $2 Rxb3 34. g4 Rc7 $17 {[%cal Gc5c4]}) 33... Nxe3 34. Rd7 Rxb3 35. h4
Rxa3 $15) 33. h4 {[%csl Yh2]} Rxg7 (33... Rd7 $6 34. e4 fxe4 35. fxe4 Rxg7 36.
Nxg7 Ne3 37. Rd7 Ng4 38. g3 $11) 34. Nxg7 Nxe3 35. Rd7 Rb1+ $6 ({It was
necessary:} 35... Rxa3 $5 36. Nh5 $140 Ra6 $15 {[%csl Ya6][%cal Ya6h6]}) 36.
Kh2 Rb2 37. Kh3 f4 ({Very weakly:} 37... Nxg2 38. Nxf5 $16) ({and} 37... Rxg2
38. Nxf5 {[%csl Ye3,Rg2]} Rf2 39. Kg3 Rg2+ 40. Kf4 Nxf5 41. Kxf5 $16) 38. Ne6 {
[%csl Rc5,Rf4]} Rxg2 39. Nxf4 Ra2 40. Rxa7 c4 $11 41. h5 {[%csl Rg8][%cal
Gh5h6]} h6 42. Ne6 c3 43. Rg7+ Kh8 44. Rf7 {[%cal Gf7f8]} c2 45. Rf8+ Kh7 46.
Rf7+ Kg8 47. Rf8+ Kh7 {Game was ended in the draw because players should be
glad to repeat the position.} 1/2-1/2

[Event "Lvov Cup of Galychina"]
[Site "Lvov"]
[Date "2001.12.19"]
[Round "1"]
[White "Golod, Vitali"]
[Black "Sulypa, Oleksandr"]
[Result "1/2-1/2"]
[WhiteElo "2517"]
[BlackElo "2513"]
[Annotator "Golod,V"]
[PlyCount "62"]
[EventDate "2001.12.18"]
[EventType "tourn"]
[EventRounds "11"]
[EventCountry "UKR"]
[EventCategory "11"]
[SourceTitle "CBM 087"]
[Source "ChessBase"]
[SourceDate "2002.03.21"]
[SourceVersion "1"]
[SourceVersionDate "2002.03.21"]
[SourceQuality "1"]

1. d4 Nf6 2. c4 e6 3. Nc3 Bb4 4. Qc2 O-O 5. a3 Bxc3+ 6. Qxc3 d6 7. f3 Qe7 $5 {
[%mdl 4] Besides this move,black has several options:} (7... c5 $5 {See
comments to Ragozin,E-Aseev,K/St. Petersburg,2000/CBM 76(1-0)(Golod,V) (37)}) (
7... Nh5 $5 $13 {[%cal Gd8h4] See comments to Timman,J-Nikolic,P/Wijk aan Zee,
2000/CBM 75(1/2-1/2) (Golod,V)(27)}) (7... Nbd7 $5 {See comments to Turov,
M-Zubarev,A/Kharkov,2001/CBM 83(1-0)(Golod,V)(49)}) (7... e5 8. dxe5 dxe5 9.
Qxe5 Nc6 10. Qc3 Nh5 11. Be3 f5 12. Nh3 (12. Bc5 $5 Re8 13. Rd1 Qh4+ 14. Bf2
Qe7 15. e3 $14) 12... f4 13. Bf2 Bxh3 14. gxh3 Qe7 $13 {Nemet,I-Vaganian,R/
Valenzia,1974/Inf 18/578 (0-1)(46)}) (7... d5 $5 {(againts 8.e4,though black
agree to lose tempo).See comments to Kasparov,G- Sax,G/Reykjavik,1988/Inf 46/
751(1-0) (Sax,Gy)(38)}) ({and} 7... Nc6) 8. e4 ({Pretty dubiously:} 8. Bg5 $6 {
in view of:} e5 9. d5 Re8 10. Qc2 (10. e4 $2 Nxe4 $17) 10... e4 11. O-O-O Nbd7
12. g3 h6 $15 {Varga,P-Besztercsenyi,T/HUN,1995(0-1)(37)}) 8... e5 9. d5 $5 ({
Also it deserves attention:} 9. Be3 $5 exd4 (9... a5 $143 10. Bd3 c5 11. d5 Ne8
12. g4 g6 13. O-O-O $14 {Vera,R-Tamai,R/Rome,1990 (1-0)(38)}) 10. Bxd4 Nc6 $5 (
10... Ne8 {[%cal Gf7f5]}) 11. Bf2 (11. Bxf6 $143 gxf6 $13 {[%cal Gf6f5]} (11...
Qxf6 $2 12. Qxf6 gxf6 13. g4 $1 {[%csl Rf6]} Be6 14. Kf2 a6 15. Nh3 {+/=/+/-
Stohl,I-Pachman,L/CZE,1995(1-0)(32)})) 11... d5 $140 (11... Ne8 $5 {[%csl Re1]
[%cal Gf7f5]}) 12. cxd5 Nxd5 13. Qc5 Nf4 $6 (13... Rd8 $142) 14. Qxe7 Nxe7 15.
g3 Ne6 16. O-O-O $14 {Kottnauer,C-Mueller,H/Vienna,1949(1-0)(43)}) ({and} 9.
Ne2 $5 exd4 10. Nxd4 (10. Qxd4 $143 Nc6) 10... d5 (10... c5 $6 11. Ne2 $14 {
[%csl Re1,Ye2]}) 11. cxd5 Nxd5 $132) 9... c6 $146 ({In my opinion,it was
better:} 9... Nh5 $5 $13 {[%cal Gf7f5]}) ({Was checked in the previous game:} 
9... a5 $6 10. b4 axb4 11. axb4 Rxa1 12. Qxa1 b5 13. Bg5 (13. cxb5 $6 Nxe4 14.
fxe4 Qh4+ $132) (13. Qa7 $5) 13... c6 14. dxc6 Nxc6 15. cxb5 Nxb4 16. Qb2 d5
17. Bd2 $16 {[%csl Rb4] Chekhova Kostina,T-Titorenko,N/Elista,1994 (0-1)(35)})
10. Ne2 $6 {It was better to not block a /^ f1-a6.} (10. Be3 $142 {[%csl Ge3,
Gf1]}) 10... b5 $1 $132 {Black at once use the previous discrepancy of white.}
11. b3 {[%csl Yb3,Yc4,Yd5][%cal Yb3c4,Yc4d5]} ({After:} 11. dxc6 $5 bxc4 12.
Ng3 Nxc6 (12... d5 $143 13. Bg5 $1 $14 (13. exd5 $143 Nxd5 14. Qxc4 Qd6 $44 {
[%csl Rc6]})) 13. Bxc4 Bd7 {[%cal Gf8c8]} 14. Be3 Rfc8 {black has a equal game.
}) 11... bxc4 12. bxc4 Qc7 $5 {[%csl Rc3,Gc7]} ({During a game I considered ,
as most unpleasant:} 12... Ba6 {[%cal Gf8c8] but,then has found worthy
objection:} 13. Ng3 Rc8 14. Nf5 $36 {[%cal Gc1g5]}) 13. Be3 Nbd7 14. Qd2 {
[%cal Ge2c3]} ({Can be recommended:} 14. Rd1 $5 {[%csl Rd6]}) 14... Ba6 15. Nc3
({It deserved the most steadfast attention:} 15. dxc6 $5 Nb6 (15... Qxc6 $143
16. Ng3 {[%csl Rd6,Rf5][%cal Ga1d1,Gg3f5]}) 16. Nc3 Nxc4 17. Bxc4 Bxc4 18. Nd5
Nxd5 19. exd5 Rfb8 {[%csl Rd5][%cal Gb8b5]} 20. Rc1 Bb3 21. Qd3 a6 {[%cal
Ya6b5,Gb8b5]} 22. Rc3 Ba2 $13 {[%csl Rd5][%cal Gb8b5]}) 15... cxd5 $6 ({
Also dubiously:} 15... Rfc8 $6 16. dxc6 Qxc6 17. Nb5 $1 $14 {[%csl Rd6]}) ({
It was much better:} 15... Nb6 $5 16. c5 $6 Nc4 17. Bxc4 Bxc4 18. cxd6 Qxd6 19.
dxc6 Qxc6 20. Rd1 Rfb8 {[%csl Gc4,Rf1][%cal Gc4f1] with clear advantage of
black.}) 16. cxd5 ({Is a possible continuation of the play:} 16. Nxd5 $5 Nxd5
17. cxd5 Bxf1 18. Rxf1 f5 {[%csl Rd5,Re4]} 19. Rc1 Qb8 $132) 16... Bxf1 17.
Rxf1 Rfc8 $6 {[%mdl 16384]} (17... Nb6 $142 $11 {[%csl Rc4][%cal Gb6c4]}) 18.
Nb5 $1 {Now I grasp the initiative.} Qb8 19. Rb1 Nc5 ({Weakly:} 19... a6 $6 {
because of:} 20. Nc3 Qc7 $140 21. Na2 $1 $14 {[%csl Rc6][%cal Ga2b4,Gb4c6]} (
21. Na4 $143 Rab8 {[%csl Ra4][%cal Gc7c4]})) 20. Ke2 (20. Kf2 $4 {is refuted
by:} Nfxe4+ {[%csl Rd2,Rf2]} 21. fxe4 Nxe4+ $19) 20... Qb6 21. Rfc1 Nfd7 22.
Kf1 Rab8 ({Again badly:} 22... a6 $2 {in view of:} 23. Nd4 Qd8 (23... exd4 $2
24. Rxb6 dxe3 25. Qa5 {[%csl Ya5][%cal Ya5b6]} Nxb6 26. Qxb6 $18) 24. Nc6 $16)
23. Rb4 h5 {[%csl Yh7] /\a6} 24. Kg1 $6 {[%cal Gb5d4] By this move I have lost
two important tempo!} (24. Qe2 $142 $14 {[%csl Re2,Yf1][%cal Yf1e2]}) 24... a5
25. Rbb1 $6 ({Good enough:} 25. Rb2 $5 Qa6 $140 26. a4 $1 {+/=/=} Nxa4 $140 $4
27. Nc7 Rxc7 (27... Rxb2 28. Nxa6 $18 {[%csl Rc8,Yd2][%cal Yd2c1]}) 28. Rxb8+
Nxb8 29. Rxc7 $18) ({After of the following tactical impact:} 25. Nxd6 $2 Qxd6
(25... axb4 $4 26. Nxc8 Rxc8 27. axb4 $18 {[%csl Rc5]}) 26. Rbc4 Rb7 27. Qxa5
Rbc7 {[%cal Gc5a6] white get a bad position.}) 25... Qa6 26. Qe2 a4 $1 {
[%csl Rb3]} 27. Rb4 Nb3 ({After:} 27... Rb7 $6 28. Nc3 Qxe2 (28... Rxb4 $5 29.
axb4 Nd3 $8 30. Nxa4 $1 Rxc1+ 31. Bxc1 Qc4 $44) 29. Nxe2 {I have a clear
positional advantage.}) 28. Rxc8+ (28. Rcc4 $142 Ndc5 29. Nc3 $13) 28... Rxc8
29. Rc4 ({Probably,it was better:} 29. Nc3 $5 Qxe2 30. Nxe2 Rc2 31. Ng3 Rc3 $1
$11) 29... Ndc5 (29... Rxc4 $143 30. Qxc4 Ndc5 $11) 30. Nc3 $6 (30. Rb4 $5)
30... Rb8 31. Kf1 Qa5 $138 {[%cal Gb3d4] The position of black remains a
little bit more preferable.That confirms the following variants:} (31... Qa5 {
/\Nd4(פc3;<->b;><b3)} 32. Qd1 {[%csl Yd1,Rd4][%cal Yd1d4]} f6 $5 {[%csl Yf6]
[%cal Yf6e5]} (32... Nd4 $2 33. Bxd4 exd4 34. Qxd4 Rb3 35. e5 $1 $16) (32...
Qa6 $143 33. Qe2 Qa5 $11) 33. Ne2 h4 {=/=/+}) 1/2-1/2